Peter Šťastný (hokejista slov.)

Podrobná bibliografia
Hlavný autor: Jedlička, Albert (Autor)
Médium: Článok
Jazyk:slovenčina
PhysicalDescription:Obr.
Predmet:

MARC

LEADER 00000nab a2200000 ar4500
001 vtls009008569
003 SK-MaSNL
005 20260303065524.0
008 070725c1976 xo mr|p|||||||000 b|slo
015 |a SNKBUCL2007/07  |2 snkbucl 
038 |a SNKBUCL 
040 |a SNKBUCL  |b slo  |c SNKBUCL  |e AACR2 
041 0 |a slo 
044 |a xo  |c SK 
080 |a 796.966.071  |2 2001 
080 |a 929 Šťastný, Peter  |2 2001 
100 1 |a Jedlička, Albert  |4 aut  |9 430025 
245 1 0 |a Peter Šťastný  |b (hokejista slov.)  |c Albert Jedlička 
300 |b Obr. 
600 1 7 |a Šťastný, Peter,  |d 1956-  |2 snkbucl  |9 215202 
650 0 7 |a ľadový hokej  |2 snkbucl  |9 3231 
773 0 |t Svet socializmu  |g Roč. 25, č. 21 (1976), s. 4 na kuléri 
852 |a SNK  |b KIS3GCP 
958 |a BX 
999 |c 1751533  |d 1753463